Conquêtes et sociétés coloniales - 4ème - Statistiques

Statistiques générales
  • Ce quiz a été pris 102 fois
  • Le résultat moyen est 5 sur 10
Statistiques - réponses
Question Réponse % Correct
Quels éléments les européens veulent-ils transmettre aux indigènes ? La médecine, l'éducation et le christianisme
86%
Quel est la définition exacte d'une colonie ? Territoire sous la domination d'un état plus important sans en faire partie
86%
Quel raison morale est avancée pour justifier la colonisation ? Apporter la civilisation à des peuples de "sauvages"
70%
Qu'est-ce que le Code de l'Indigénat ? Un code de lois établissant des règles particulières pour les colonisés.
64%
Qui a controlé le plus grand empire de l'Histoire ? La reine Victoria du Royaume-Uni
56%
A quel moment se tient la conférence de Berlin ? En 1884/1885
44%
Quelle est la raison utilisée par Anna Cooper pour critiquer la colonisation ? La civilisation est présente partout et ne peut pas être imposée par la force.
44%
Avec quel pays la France entretient t-elle de grandes tensions en 1905 puis en 1911 ? Allemagne
39%
Quel est le premier continent à être colonisé par les Européens ? Amérique
30%
La conquete de l'Algérie débute en 1830, quand s'achève t-elle ? 1847
19%
Aucun quiz correspondant
Distribution des résultats
% des personnes avec chaque résultat
Percentile par nombre de réponses
Votre historique - résultats
Vous n’avez pas pris ce quiz